5HLuxD.jpg

KING HENRY VIII SENIOR AND PRIMARY SCHOOL LIBRARY OPAC

Framed : (Record no. 5299)

000 -LEADER
fixed length control field 01926nam a22002177a 4500
003 - CONTROL NUMBER IDENTIFIER
control field OSt
005 - DATE AND TIME OF LATEST TRANSACTION
control field 20250902160226.0
008 - FIXED-LENGTH DATA ELEMENTS--GENERAL INFORMATION
fixed length control field 250902b ||||| |||| 00| 0 eng d
020 ## - INTERNATIONAL STANDARD BOOK NUMBER
International Standard Book Number 9781529008784
040 ## - CATALOGING SOURCE
Transcribing agency KH8
082 ## - DEWEY DECIMAL CLASSIFICATION NUMBER
Classification number FIC COT
100 ## - MAIN ENTRY--PERSONAL NAME
Personal name Cottrell-Boyce, Frank,
Relator term author.
245 ## - TITLE STATEMENT
Title Framed :
Remainder of title The Perfect Crime - It's a Work of Art /
Statement of responsibility, etc. Frank Cottrell- Boyce and illustrated by Steven Lenton.
260 ## - PUBLICATION, DISTRIBUTION, ETC.
Place of publication, distribution, etc. London ;
Name of publisher, distributor, etc. Macmllan Children's Books ,
Date of publication, distribution, etc. 2019.
300 ## - PHYSICAL DESCRIPTION
Extent 373 pages :
Other physical details illustations ,
Dimensions 20 cm.
520 ## - SUMMARY, ETC.
Summary, etc. he perfect crime – it's a work of art, in Frank Cottrell Boyce's ingenious story, Framed.<br/><br/>Dylan is the only boy living in the tiny Welsh town of Manod. His parents run the Snowdonia Oasis Auto Marvel garage – and when he's not trying to persuade his sisters to play football, Dylan is in charge of the petrol log. And that means he gets to keep track of everyone coming in and out of Manod – what car they drive, what they're called, even their favourite flavour of crisps. But when a mysterious convoy of lorries trundles up the misty mountainside towards an old, disused mine, even Dylan is confounded. Who are these people – and what have they got to hide?<br/><br/>A story inspired by a press cutting describing how, during World War II, the treasured contents of London's National Gallery were stored in Welsh slate mines. Once a month, a morale-boosting masterpiece would be unveiled in the village and then returned to London for viewing. This is a funny and touching exploration of how art – its beauty and its value – touches the life of one little boy and his big family in a very small town.<br/><br/>This edition of Framed includes bonus material and discussion questions from Frank Cottrell Boyce, and illustrations by Steven Lenton.<br/><br/>
650 ## - SUBJECT ADDED ENTRY--TOPICAL TERM
Topical term or geographic name entry element mysterious
Form subdivision fiction
650 ## - SUBJECT ADDED ENTRY--TOPICAL TERM
Topical term or geographic name entry element investigation
Form subdivision fiction
700 ## - ADDED ENTRY--PERSONAL NAME
Personal name Lenton, Steven,
Relator term illustrator.
942 ## - ADDED ENTRY ELEMENTS (KOHA)
Source of classification or shelving scheme
Koha item type Books - Fiction
Holdings
Withdrawn status Lost status Source of classification or shelving scheme Damaged status Not for loan Collection code Permanent Location Current Location Shelving location Date acquired Full call number Barcode Date last seen Price effective from Koha item type
          Fiction KH8 Senior School Library KH8 Senior School Library Fiction 2025-09-02 FIC COT 3KHSL000102358 2025-09-02 2025-09-02 Books - Fiction

Powered By KH8 IT Dept